[Event "42nd Arco Festival 2020"]
[Site "Arco"]
[Date "2020.10.10"]
[Round "1.7"]
[White "Hilbenz, Guntram"]
[Black "Kierzek, Matthias"]
[Result "1-0"]
[WhiteElo "1862"]
[BlackElo "2256"]
[Annotator "RC"]
[PlyCount "97"]
[EventDate "2020.10.10"]
[EventType "swiss"]
[EventCountry "ITA"]
[SourceTitle "playchess.com"]
[Source "ChessBase"]
[SourceQuality "1"]
[TimeControl "40/5400+30:1800+30"]

1. c4 c6 2. Nf3 d5 3. e3 Nf6 4. Nc3 g6 5. d4 Bg7 6. Bd3 O-O 7. O-O Bg4 8. h3 Bxf3 9. Qxf3 a5 10. Bd2 Qd6 11. Rfd1 Nbd7 12. Rac1 dxc4 13. Bxc4 e5 14. Be1 exd4 15. Rxd4 Qe7 16. a4 Ne5 17. Qe2 Nxc4 18. Qxc4 Nd7 19. Rdd1 Ne5 20. Qb3 Rfd8 21. Ne2 Qc7 22. Rxd8+ Rxd8 23. Rd1 Rxd1 24. Qxd1 Qd7 25. Qxd7 Nxd7 26. b4 axb4 27. Bxb4 Nb6 28. a5 Nc4 29. Nc1 f5 30. Kf1 Kf7 31. Ke2 Ke6 32. Nd3 Nd6 33. Nc5+ Kd5 34. Nxb7 Nb5 35. Bc5 Be5 36. a6 Bb8 37. Kd3 Ba7 38. Bxa7 Nxa7 39. f3 c5 40. e4+ fxe4+ 41. fxe4+ Kc6 42. Kc4 Nb5 43. Nxc5 Nd6+ 44. Kb4 Kb6 45. e5 Nf5 46. e6 Nd4 47. Kc4 Nf5 48. Kd5 Ne3+ 49. Kd6 1-0

[Event "42nd Arco Festival 2020"]
[Site "Arco"]
[Date "2020.10.10"]
[Round "1.8"]
[White "Trabattoni, Franco"]
[Black "De Reymaeker, Walter"]
[Result "1-0"]
[WhiteElo "2246"]
[BlackElo "1856"]
[Annotator "TA"]
[PlyCount "83"]
[EventDate "2020.10.10"]
[EventType "swiss"]
[EventCountry "ITA"]
[SourceTitle "playchess.com"]
[Source "ChessBase"]
[SourceQuality "1"]

{[%evp 14,83,67,65,67,57,64,52,62,47,68,68,68,57,96,94,97,105,107,99,89,107,83,97,104,102,125,116,181,124,141,131,123,102,247,243,456,457,485,488,585,590,897,897,902,897,841,860,855,828,1020,1006,1239,1166,1053,962,968,962,943,903,29980,742,847,739,29991,29992,29992,29991,29993,29994,29994,29995]} 1. d4 Nf6 2. Nf3 c5 3. d5 g6 4. Nc3 d6 5. e4 Nbd7 6. Bd3 Bg7 7. O-O O-O 8. h3 a6 {B08: Pirc Defence: Classical System.} 9. a4 b6 10. Re1 Bb7 {White is slightly better.} 11. Bf4 Re8 12. Bc4 Qc7 13. Bh2 {[#]} h6 $146 ({Predecessor:} 13... Red8 14. e5 dxe5 15. Nxe5 Nxe5 16. Bxe5 Qd7 17. Qe2 Re8 18. Rad1 Qf5 19. Rd3 Qd7 {1-0 (34) Jalali,S (2054)-Ilkbahar,N (1529) Antalya 2019}) 14. e5 dxe5 15. Nxe5 Nxe5 16. Bxe5 Qd7 17. Qd3 Rad8 {[%cal Rf6d5]} 18. Rad1 Qc8 19. Qg3 Qf5 20. Bc7 Nh5 (20... Rc8 $16 {was necessary.}) 21. Qg4 (21. Qh2 $18 Qd7 22. Bxb6) 21... Rd7 $16 22. Qxf5 gxf5 23. Bxb6 Bd4 {Black cannot hold the game after this.} (23... Nf4 $16) 24. a5 $18 {Na4 is the strong threat.} Rd6 $2 (24... Bxc3 25. bxc3 Nf4) 25. Na4 Rg6 {Black hopes to continue with ...Nf4.} 26. c3 Bf6 27. Nxc5 {[%mdl 64] Double Attack} Bc8 28. d6 Nf4 29. d7 Bxd7 30. Nxd7 Rxg2+ 31. Kh1 Bh4 32. Be3 Kh7 33. Bxf4 Rxf2 34. Bg3 Bxg3 {[#]} 35. Nf6+ $1 {[%mdl 512]} exf6 36. Rxe8 Rxb2 37. Re2 (37. Rdd8 $142 Rh2+ {[#]} 38. Kg1 $1 {[%mdl 512]} Kg6 39. Rg8+ Kh5 40. Rxg3 Rc2 41. Rd4 f4 42. Rxf4) 37... Rb7 38. Bd3 Be5 39. Bxf5+ {White mates.} Kg7 40. Rd8 Bf4 41. Ree8 {[%csl Gd8][%cal Re8g8]} h5 42. Rh8 {Accuracy: White = 86%, Black = 48%.} 1-0

[Event "42nd Arco Festival 2020"]
[Site "Arco"]
[Date "2020.10.10"]
[Round "1.9"]
[White "Kopischke, Maik"]
[Black "Felgendreher, Heiko"]
[Result "0-1"]
[WhiteElo "1855"]
[BlackElo "2230"]
[Annotator "ChessBase"]
[PlyCount "78"]
[EventDate "2020.10.10"]
[EventType "swiss"]
[EventCountry "ITA"]
[SourceTitle "playchess.com"]
[Source "ChessBase"]
[SourceQuality "1"]
[TimeControl "40/5400+30:1800+30"]

1. d4 Nf6 2. Nf3 g6 3. Bg5 Bg7 4. Nbd2 h6 5. Bh4 d6 6. c3 b6 7. e4 g5 8. Bg3 Nh5 9. Bc4 e6 10. a4 a6 11. Qe2 Nd7 12. O-O Nf8 13. Ne1 Nf4 14. Bxf4 gxf4 15. Nd3 Ng6 16. Nb4 c5 17. dxc5 bxc5 18. Nxa6 O-O 19. Ra3 Ne5 20. Bb5 Qb6 21. a5 Qa7 22. b4 Bxa6 23. Bxa6 cxb4 24. cxb4 Qxa6 25. b5 Qc8 26. a6 Qc5 27. Ra2 Rfb8 28. Rb1 Bf6 29. Ra4 Kh7 30. Rab4 Bd8 31. R4b3 Bb6 32. Rh3 Rg8 33. Rbb3 Rg6 34. Rbc3 Rag8 35. Kh1 Rxg2 36. Rxh6+ Kxh6 37. Rh3+ Kg7 38. Kxg2 Kf8+ 39. Kh1 Qc1+ 0-1

[Event "42nd Arco Festival 2020"]
[Site "Arco"]
[Date "2020.10.10"]
[Round "1.11"]
[White "Prosperi, Agostino"]
[Black "Nazarenus, Moritz"]
[Result "0-1"]
[WhiteElo "1848"]
[BlackElo "2224"]
[Annotator "ChessBase"]
[PlyCount "54"]
[EventDate "2020.10.10"]
[EventType "swiss"]
[EventCountry "ITA"]
[SourceTitle "playchess.com"]
[Source "ChessBase"]
[SourceQuality "1"]
[TimeControl "40/5400+30:1800+30"]

1. d4 d5 2. c4 c6 3. e3 Nf6 4. Nf3 Bf5 5. Bd3 Bxd3 6. Qxd3 e6 7. Nc3 Be7 8. O-O O-O 9. b3 Nbd7 10. Bb2 Qc7 11. Rac1 Rad8 12. Rfd1 Qb8 13. Qe2 Rfe8 14. Ne5 Nxe5 15. dxe5 Nd7 16. cxd5 exd5 17. f4 Bf8 18. Qf3 f6 19. e6 Rxe6 20. Nxd5 cxd5 21. Qxd5 Qd6 22. Qb5 Qb6 23. Qd5 Qxe3+ 24. Kh1 Qe4 25. Qa5 Rde8 26. f5 Bb4 27. Qb5 Qe1+ 0-1

[Event "42nd Arco Festival 2020"]
[Site "Arco"]
[Date "2020.10.10"]
[Round "1.12"]
[White "De Santis, Alessio"]
[Black "Schweighofer, Josef"]
[Result "1-0"]
[WhiteElo "2223"]
[BlackElo "1838"]
[Annotator "ChessBase"]
[PlyCount "71"]
[EventDate "2020.10.10"]
[EventType "swiss"]
[EventCountry "ITA"]
[SourceTitle "playchess.com"]
[Source "ChessBase"]
[SourceQuality "1"]
[TimeControl "40/5400+30:1800+30"]

1. b3 e5 2. Bb2 Nc6 3. c4 Nf6 4. e3 d5 5. cxd5 Nxd5 6. a3 Be7 7. Qc2 O-O 8. Nf3 Bf6 9. d3 Qe7 10. Nbd2 g6 11. h4 Bg4 12. Be2 Rfe8 13. Rc1 Rac8 14. b4 a6 15. Ne4 Bg7 16. Nc5 Nd8 17. Qc4 Be6 18. Nxe6 Qxe6 19. Ng5 Qd7 20. h5 h6 21. Ne4 g5 22. Nc5 Qd6 23. Bg4 Nb6 24. Qc2 Rb8 25. Ne4 Qc6 26. Qd1 Qd5 27. Rxc7 Ne6 28. Bxe6 Rxe6 29. O-O Ree8 30. Qf3 Rf8 31. Nf6+ Bxf6 32. Qxf6 Qe6 33. Qxe6 fxe6 34. Bxe5 Rbc8 35. Rg7+ Kh8 36. Rxb7+ 1-0

[Event "42nd Arco Festival 2020"]
[Site "Arco"]
[Date "2020.10.10"]
[Round "1.13"]
[White "Bruessow, Jakob"]
[Black "Dittmar, Peter"]
[Result "0-1"]
[WhiteElo "1831"]
[BlackElo "2222"]
[Annotator "NA"]
[PlyCount "56"]
[EventDate "2020.10.10"]
[EventType "swiss"]
[EventCountry "ITA"]
[SourceTitle "playchess.com"]
[Source "ChessBase"]
[SourceQuality "1"]
[TimeControl "40/5400+30:1800+30"]

1. e4 e6 2. d4 d5 3. Nc3 Bb4 4. e5 Ne7 5. Qg4 O-O 6. Bg5 Nd7 7. a3 Bxc3+ 8. bxc3 f5 9. Qh4 Rf7 10. Nh3 Nf8 11. Be2 Qe8 12. Bh5 Neg6 13. Qg3 c5 14. O-O Rc7 15. Rfc1 Bd7 16. Rab1 b6 17. Be3 cxd4 18. Bxd4 Rac8 19. Ng5 Qe7 20. Ra1 Be8 21. Be2 Nd7 22. h4 h6 23. Nf3 Nc5 24. Bd3 Ne4 25. Bxe4 dxe4 26. Nh2 Qxh4 27. Nf1 Qxg3 28. Nxg3 Nf4 0-1

[Event "42nd Arco Festival 2020"]
[Site "Arco"]
[Date "2020.10.10"]
[Round "1.14"]
[White "Heinert, Eugen"]
[Black "Modena, Giorgio"]
[Result "1-0"]
[WhiteElo "2204"]
[BlackElo "1826"]
[Annotator "TA"]
[PlyCount "104"]
[EventDate "2020.10.10"]
[EventType "swiss"]
[EventCountry "ITA"]
[SourceTitle "playchess.com"]
[Source "ChessBase"]
[SourceQuality "1"]

{[%evp 9,104,-9,0,-4,-3,-12,5,-5,29,8,60,52,51,54,56,68,69,37,61,5,16,17,65,65,69,20,12,10,17,24,14,6,37,20,15,14,19,0,0,-46,-42,-46,-42,-75,-65,-65,75,72,63,-4,-4,-11,2,4,7,5,58,59,87,85,100,93,101,93,99,95,151,151,198,193,392,353,540,548,538,529,770,750,737,630,579,615,641,631,502,324,389,383,363,360,411,403,29961,29964,29958,5114,5110]} 1. e4 e6 2. Nf3 d5 3. e5 c5 4. b4 c4 5. c3 Ne7 6. d4 {C00: French: Unusual White 2nd moves.} cxd3 7. Bxd3 Ng6 8. O-O {The position is equal.} Qc7 9. Qe2 Be7 (9... Nc6 $11) 10. Re1 $14 Nd7 {[#]} 11. Bd2 $146 ({Predecessor:} 11. h4 b6 12. h5 Ngf8 13. Na3 a6 14. Nc2 Bb7 15. Ncd4 g6 16. h6 Qd8 17. b5 {1-0 (34) Kadas,G (2310)-Horgosi,O Jaszbereny 1977}) 11... O-O 12. Na3 a6 13. Nc2 Nb6 14. Ncd4 (14. h4 $14) 14... Bd7 $11 15. h4 Rfc8 16. h5 Nf8 $1 17. h6 {aiming for hxg7.} g6 $1 18. Bg5 Qd8 19. Bxe7 Qxe7 20. Rac1 Nc4 21. Nd2 Nxd2 22. Qxd2 Ba4 23. Re3 Qg5 24. Re2 Qxd2 25. Rxd2 Rc7 26. c4 dxc4 $1 27. Rxc4 Rac8 (27... Rd7 $1 $15 {keeps the upper hand.} 28. Nf3 Rad8) 28. Rxc7 $16 Rxc7 29. Bc2 (29. f4 $14) 29... Bxc2 $11 30. Nxc2 {[%mdl 4096] Endgame KRN-KRN} Rd7 31. Rd4 f6 32. Rc4 fxe5 (32... Kf7 $11) 33. Ne3 $14 Rd4 {White now steadily converts the win.} 34. Rc7 $1 Rd7 ({Avoid the trap} 34... Rxb4 $2 35. Nc4 $18) 35. Rc8 Kf7 {[#]} 36. Ng4 $1 {[%cal Rg4e5]} Ke7 37. Nxe5 Rd1+ (37... Rd8 $142 38. Rc7+ Kd6) 38. Kh2 $16 Re1 {[#]} 39. f4 $1 g5 $2 (39... Re4) 40. Rc7+ $18 Kd6 (40... Ke8 $142 41. Ng4 (41. Rxb7 gxf4 42. Nf3 Ra1 $16) 41... Re4 42. Nf6+ {[%mdl 64] Double Attack} (42. Rxb7 Rxf4 43. Ne5 Rh4+ 44. Kg3 Rxh6 $16) 42... Kd8 43. Rxb7 Rxf4) 41. Rf7 gxf4 42. Nf3 Ra1 {Now ...Nd7 and Black clings on.} 43. Rxf8 {KRN-KR} e5 44. Re8 Rxa2 45. Rxe5 Ra4 46. Re4 a5 47. Rd4+ Ke6 48. bxa5 Rxa5 49. Rb4 Rh5+ 50. Kg1 b5 {[#]} (50... Kf5 $18 51. Kf2 Rxh6 52. Rb5+ Kf6 53. Rb6+ Kg7 54. Rxb7+ Kf6 55. Rb6+ Kg7) 51. Rxb5 $3 {[%mdl 576] Decoy} Rxb5 52. Nd4+ {[%mdl 64] Double Attack} Kf6 {Accuracy: White = 80%, Black = 51%.} 1-0

[Event "42nd Arco Festival 2020"]
[Site "Arco"]
[Date "2020.10.10"]
[Round "1.15"]
[White "Rocchetti, Marco"]
[Black "Ruecker, Benjamin"]
[Result "0-1"]
[WhiteElo "1808"]
[BlackElo "2202"]
[Annotator "TA"]
[PlyCount "106"]
[EventDate "2020.10.10"]
[EventType "swiss"]
[EventCountry "ITA"]
[SourceTitle "playchess.com"]
[Source "ChessBase"]
[SourceQuality "1"]

{[%evp 9,106,-32,0,0,0,0,13,0,56,47,55,47,54,53,54,41,85,30,31,38,39,22,31,19,38,34,29,0,4,0,0,0,0,-61,0,-81,-81,-83,-76,-81,-43,-82,-39,-40,-32,-100,-39,-47,-58,-150,-152,-164,-170,-186,-159,-163,-157,-159,-151,-329,-283,-313,-312,-362,-341,-412,-414,-396,-376,-371,-362,-368,-365,-341,-322,-546,-552,-733,-719,-1229,-1153,-969,-1085,-1604,-1475,-1778,-1752,-1656,-1710,-1609,-1568,-1626,-1682,-1585,-2383,-2087,-2124,-1825,-1818]} 1. d4 Nf6 2. Bg5 c5 3. Bxf6 gxf6 4. c3 Qb6 5. Qb3 cxd4 6. Qxb6 {A45: Trompowsky Attack.} axb6 7. cxd4 Nc6 8. Nf3 {[#] The position is equal.} f5 $146 (8... Nb4 $11 9. Kd2 Rxa2 10. Rxa2 Nxa2) ({Predecessor:} 8... Nb4 9. Kd2 Rxa2 10. Rxa2 Nxa2 11. Nc3 Nxc3 12. bxc3 d5 13. e3 Bd7 14. Bd3 Kd8 {½-½ (25) Shmirin,I (2209)-Fiedler,H (2192) Germany 2013}) 9. Nc3 $14 e6 10. e3 Bg7 11. Be2 Ke7 12. a3 f4 13. g3 (13. d5 $16) 13... fxe3 $11 14. fxe3 d5 15. Kf2 Bd7 16. Rac1 Na5 17. Nd2 Rhc8 18. Bd3 f5 19. Ne2 b5 20. Rxc8 Rxc8 21. Rc1 (21. Rb1 $11) 21... Nc4 ({Black should play} 21... Rxc1 $15 22. Nxc1 Nc4 23. Bxc4 bxc4) 22. Nxc4 (22. Rc2 $1 $11) 22... bxc4 $17 23. Bb1 b5 24. Rg1 h5 25. h3 Bf6 26. Nf4 Be8 27. Ne2 {[#]} (27. h4 $15) 27... b4 $1 {[%mdl 512]} 28. axb4 $15 Rb8 $36 {[%mdl 2048] Black is pushing.} 29. b3 (29. Bc2 $15) 29... cxb3 $17 30. g4 fxg4 31. hxg4 Bh4+ 32. Kf3 hxg4+ 33. Kxg4 Bf2 34. Rh1 $2 {Loses the game.} (34. Rf1 $17 {was called for.} Bxe3 35. Rf3) 34... Bxe3 $19 {aiming for ...Bb5.} 35. Rh3 {[#]} Bxd4 $1 {[%mdl 512]} 36. Rxb3 {[#]} (36. Nxd4 Rxb4) 36... Bc5 $1 {[%mdl 512]} 37. b5 (37. bxc5 Rxb3) 37... Bxb5 38. Bd3 {[#]} Bxd3 $1 {[%mdl 512]} 39. Rxd3 {[%mdl 4096] Endgame KRB-KRN} Rg8+ 40. Kf3 Rf8+ 41. Kg4 Kd6 42. Nc3 $2 (42. Nf4 {is a better defense.}) 42... d4 {Black is clearly winning.} 43. Nb5+ Kd5 44. Nc7+ Ke4 45. Rd1 Rg8+ 46. Kh3 e5 47. Re1+ Kf3 {[%cal Rg8h8]} 48. Rf1+ Ke2 49. Rf5 Bd6 50. Nb5 Bb8 51. Rf7 d3 52. Nc3+ Kd2 53. Ne4+ Ke3 {Accuracy: White = 51%, Black = 83%.} 0-1

[Event "42nd Arco Festival 2020"]
[Site "Arco"]
[Date "2020.10.10"]
[Round "1.17"]
[White "Carola, Paolo"]
[Black "Podetti, Davide"]
[Result "0-1"]
[WhiteElo "1782"]
[BlackElo "2190"]
[Annotator "ChessBase"]
[PlyCount "96"]
[EventDate "2020.10.10"]
[EventType "swiss"]
[EventCountry "ITA"]
[SourceTitle "playchess.com"]
[Source "ChessBase"]
[SourceQuality "1"]
[TimeControl "40/5400+30:1800+30"]

1. d4 Nf6 2. Bg5 Ne4 3. Bh4 d5 4. Nd2 Nd6 5. e3 Nf5 6. Bg3 Nxg3 7. hxg3 c5 8. c3 Qc7 9. Qh5 Be6 10. Ngf3 g6 11. Qe5 Qxe5 12. Nxe5 cxd4 13. Bb5+ Kd8 14. exd4 Bg7 15. Ndf3 f6 16. Nd3 Kc7 17. Nf4 Bf7 18. O-O-O a6 19. Ba4 b5 20. Bb3 Kd6 21. Kb1 Nd7 22. Rhe1 a5 23. Bxd5 Bxd5 24. Nxd5 e6 25. Nf4 Nf8 26. Re2 h5 27. Rde1 Re8 28. Nd2 f5 29. Nf3 Bf6 30. Ne5 g5 31. Nfd3 Rh7 32. Nc5 a4 33. Rd1 Bxe5 34. Rxe5 Ng6 35. Re2 e5 36. b4 e4 37. Kc2 h4 38. Rh1 Reh8 39. Kd2 hxg3 40. Rxh7 Rxh7 41. fxg3 Kd5 42. Rf2 f4 43. gxf4 gxf4 44. Re2 e3+ 45. Kd3 f3 46. Rxe3 fxg2 47. Rg3 Rh3 48. Rxh3 Nf4+ 0-1

[Event "42nd Arco Festival 2020"]
[Site "Arco"]
[Date "2020.10.10"]
[Round "1.18"]
[White "Molina, Fabrizio"]
[Black "Necesito, Donald"]
[Result "1-0"]
[WhiteElo "2181"]
[BlackElo "1779"]
[Annotator "ChessBase"]
[PlyCount "75"]
[EventDate "2020.10.10"]
[EventType "swiss"]
[EventCountry "ITA"]
[SourceTitle "playchess.com"]
[Source "ChessBase"]
[SourceQuality "1"]
[TimeControl "40/5400+30:1800+30"]

1. c4 Nf6 2. Nc3 g6 3. e4 d6 4. g3 Bg7 5. Bg2 O-O 6. Nge2 Nc6 7. d3 e5 8. O-O Bd7 9. h3 h5 10. Be3 Nh7 11. f4 f5 12. Qd2 Rb8 13. d4 Qc8 14. Kh2 Ne7 15. dxe5 dxe5 16. Bxa7 Ra8 17. Bc5 Re8 18. Rad1 Bc6 19. Nd5 Nxd5 20. exd5 Bd7 21. fxe5 Bxe5 22. Nf4 Ra6 23. Bd4 Kf7 24. Bxe5 Rxe5 25. Qc3 Re8 26. c5 Nf6 27. Rfe1 g5 28. Nd3 Ne4 29. Qd4 Ra4 30. Nb4 Nf6 31. b3 Ra5 32. a4 Rh8 33. d6 cxd6 34. Qxd6 Qxc5 35. Re7+ Kg6 36. Rxd7 Qxd6 37. R1xd6 b5 38. Nc6 1-0

[Event "42nd Arco Festival 2020"]
[Site "Arco"]
[Date "2020.10.11"]
[Round "2.1"]
[White "Moroni, Luca Jr"]
[Black "Hagner, Bennet"]
[Result "1-0"]
[WhiteElo "2551"]
[BlackElo "2080"]
[Annotator "TA"]
[PlyCount "65"]
[EventDate "2020.10.10"]
[EventType "swiss"]
[EventCountry "ITA"]
[SourceTitle "playchess.com"]
[Source "ChessBase"]
[SourceQuality "1"]

{[%evp 15,65,15,32,15,23,20,25,16,24,14,10,12,24,16,16,16,21,21,27,21,21,16,16,16,16,23,32,16,18,18,54,54,97,83,217,212,274,278,254,104,443,423,539,545,532,524,555,477,1254,1148,2092,1933]} 1. e4 e5 2. Nf3 Nc6 3. Bb5 a6 4. Ba4 Nf6 5. O-O Be7 6. Re1 b5 7. Bb3 d6 8. a4 Bb7 {8...Bd7 gains popularity.} 9. d3 {C90: Closed Ruy Lopez with 7...d6: Early deviations.} Na5 10. Ba2 c5 11. Bg5 $5 {[%mdl 4] White has an edge. Exploring less charted territory.} O-O {[#]} 12. axb5 $146 ({Predecessor:} 12. c3 Bc6 13. axb5 axb5 14. Nbd2 Qc7 15. Nf1 Bd7 16. Ne3 Be6 17. Bxf6 Bxf6 18. Bd5 {1-0 (32) Musaev,M (2178)-Huttner,M (1988) Pardubice 2006}) 12... axb5 13. Nc3 b4 14. Bxf6 Bxf6 15. Nd5 b3 16. Bxb3 Nxb3 17. Rxa8 Bxa8 18. Nxf6+ Qxf6 19. cxb3 Rb8 20. Qc2 Qe7 21. Qc3 Qa7 22. Nd2 Qa2 23. h3 g6 24. Rf1 g5 (24... Qa7 $16) 25. h4 $18 h6 26. hxg5 hxg5 {[#]} 27. Rc1 (27. d4 $1 $18 {[%mdl 512] and the rest is easy.}) 27... Rb4 $2 {[%mdl 8192]} (27... f6 $16) 28. Nc4 {White is clearly winning.} Qa6 29. Qd2 f6 30. Qd1 d5 31. Ra1 Qb7 (31... Qc6 $142 32. Ne3 dxe4 33. dxe4 Bb7) 32. Nd6 {White wants to mate with Qh5.} Qb8 33. Qh5 {Accuracy: White = 89%, Black = 38%.} 1-0

[Event "42nd Arco Festival 2020"]
[Site "Arco"]
[Date "2020.10.11"]
[Round "2.2"]
[White "Wollenweber, Carsten"]
[Black "Siebrecht, Sebastian"]
[Result "0-1"]
[WhiteElo "2071"]
[BlackElo "2416"]
[Annotator "RC"]
[PlyCount "76"]
[EventDate "2020.10.10"]
[EventType "swiss"]
[EventCountry "ITA"]
[SourceTitle "playchess.com"]
[Source "ChessBase"]
[SourceQuality "1"]
[TimeControl "40/5400+30:1800+30"]

1. e4 c5 2. Nf3 e6 3. d4 cxd4 4. Nxd4 a6 5. Bd3 Bc5 6. Nb3 Be7 7. c4 d6 8. O-O Nf6 9. Nc3 Nbd7 10. f4 b6 11. Qe2 Qc7 12. g4 Nc5 13. Nxc5 Qxc5+ 14. Be3 Qc7 15. g5 Nd7 16. Rac1 Bb7 17. b4 g6 18. Qf2 O-O 19. Qh4 Rfe8 20. Rf3 h5 21. Rh3 Bf8 22. Qf2 Rab8 23. Bd4 e5 24. fxe5 Nxe5 25. Bxb6 Qc8 26. Bf1 Ba8 27. c5 dxc5 28. Bxc5 Rxb4 29. Bxb4 Bxb4 30. Nd5 Qxc1 31. Nxb4 Bxe4 32. Qe3 Qb1 33. Qb3 Qe1 34. Nxa6 Ng4 35. Qb6 Bb7 36. Nc7 Re2 37. Rg3 Rxh2 38. Rxg4 Rh1# 0-1

[Event "42nd Arco Festival 2020"]
[Site "Arco"]
[Date "2020.10.11"]
[Round "2.3"]
[White "Romanishin, Oleg M"]
[Black "Kostov, Deyan Samuil"]
[Result "1/2-1/2"]
[WhiteElo "2403"]
[BlackElo "2065"]
[Annotator "TA"]
[PlyCount "54"]
[EventDate "2020.10.10"]
[EventType "swiss"]
[EventCountry "ITA"]
[SourceTitle "playchess.com"]
[Source "ChessBase"]
[SourceQuality "1"]

{[%evp 20,54,7,0,13,12,16,18,20,17,18,-10,9,5,18,18,35,8,18,4,6,13,100,79,76,71,58,53,45,15,9,0,0,0,0,-69,-54]} 1. d4 Nf6 2. Nf3 d5 3. c4 dxc4 4. e3 Bg4 5. Bxc4 e6 6. Nc3 Nbd7 7. Be2 c6 8. h3 Bh5 9. O-O Be7 10. b3 O-O 11. Bb2 Qc7 {D25: Queen's Gambit Accepted: 4 e3: sidelines and 4...Bg4.} 12. Rc1 Rac8 {[#]} 13. Ne1 $146 ({Predecessor:} 13. Nd2 Bxe2 14. Qxe2 Qb8 15. e4 c5 16. e5 Ne8 17. Nce4 b6 18. Nf3 Nc7 19. dxc5 Nxc5 {1-0 (48) Romanishin,O (2443)-Kostov,D (1861) Arco 2018}) 13... Bxe2 {The position is equal.} 14. Qxe2 Qb8 15. Nf3 Rfd8 16. Rfd1 h6 17. e4 Nf8 {[%cal Bd7f8,Bf8g6,Bg6f4][%mdl 32]} 18. a3 Ng6 19. b4 Nf4 20. Qe3 g5 (20... Ng6 $11) 21. Ne5 Nd7 22. Nxd7 Rxd7 23. g3 Ng6 24. e5 Rcd8 25. Kf1 b6 26. Ba1 Qb7 27. Rb1 ({White should try} 27. Kg1 $11) 27... Qa6+ {Accuracy: White = 72%, Black = 88%.} 1/2-1/2

[Event "42nd Arco Festival 2020"]
[Site "Arco"]
[Date "2020.10.11"]
[Round "2.4"]
[White "Mantovani, Renzo"]
[Black "Hartz, Erik"]
[Result "1-0"]
[WhiteElo "2294"]
[BlackElo "2014"]
[Annotator "TA"]
[PlyCount "81"]
[EventDate "2020.10.10"]
[EventType "swiss"]
[EventCountry "ITA"]
[SourceTitle "playchess.com"]
[Source "ChessBase"]
[SourceQuality "1"]

{[%evp 10,81,49,25,31,0,0,0,0,0,0,0,39,-6,20,0,20,20,20,15,56,25,79,81,166,156,143,68,87,120,149,146,142,141,141,130,158,168,168,162,220,231,220,224,250,188,258,260,253,213,354,350,370,366,379,379,379,379,481,442,633,603,563,556,488,470,1413,1437,29973,29974,29983,29984,29981,29982]} 1. e4 d6 2. d4 Nf6 3. Nc3 Nbd7 4. f4 e5 5. Nf3 exd4 6. Nxd4 g6 {B07: Pirc Defence: Miscellaneous Systems.} 7. Be2 Bg7 8. O-O O-O {The position is equal.} 9. Bf3 Re8 10. Re1 {10.Re1 was played by the boomers.} c6 11. Kh1 {[#]} Qc7 $146 ({Predecessor:} 11... Nc5 12. b4 Ne6 13. Be3 Nxd4 14. Bxd4 c5 15. bxc5 dxc5 16. Bg1 Nh5 17. Nd5 Bxa1 18. Qxa1 {0-1 (42) Andriasian,Z (2605)-Motylev,A (2677) Warsaw 2012}) 12. a4 a5 13. Be3 Nc5 {[%cal Rc5e4]} 14. Bf2 Bd7 15. h3 b6 (15... Re7 $11) 16. Qd2 $16 Ne6 (16... h6 $16) 17. Rad1 $18 Rad8 18. g4 (18. e5 $16 dxe5 19. fxe5) 18... Nxd4 19. Bxd4 Bc8 20. Qf2 Nd7 21. Bxg7 Kxg7 22. Qd4+ Kg8 23. Qxd6 Qxd6 24. Rxd6 {And now Red1 would win.} Nb8 (24... Nc5 $142 25. Red1 (25. Rxc6 Rd2 $16) 25... Rxd6 26. Rxd6 Bd7) 25. Red1 Rxd6 26. Rxd6 Kf8 27. Kg2 Ke7 (27... Re6 $142 28. Rd2 Re7 29. Rd8+ Re8) 28. e5 Rd8 29. Ne4 Be6 (29... Rxd6 {was worth a try.} 30. Nxd6 Be6) 30. Rxd8 Kxd8 {[%mdl 4096] Endgame KBN-KBN} 31. Ng5 h6 32. Nxe6+ fxe6 {KB-KN} 33. h4 g5 34. Kg3 gxf4+ (34... Ke7 $142 35. fxg5 hxg5 36. hxg5 Kf7) 35. Kxf4 Ke7 36. g5 hxg5+ 37. Kxg5 b5 (37... Nd7 $142 38. Kf4 Nb8) 38. h5 bxa4 39. h6 {White mates.} Nd7 40. h7 Nxe5 41. Bh5 {Accuracy: White = 83%, Black = 43%.} 1-0

[Event "42nd Arco Festival 2020"]
[Site "Arco"]
[Date "2020.10.11"]
[Round "2.5"]
[White "Perez Bolanos, Joel"]
[Black "Vezzosi, Paolo"]
[Result "0-1"]
[WhiteElo "2011"]
[BlackElo "2262"]
[Annotator "TA"]
[PlyCount "64"]
[EventDate "2020.10.10"]
[EventType "swiss"]
[EventCountry "ITA"]
[SourceTitle "playchess.com"]
[Source "ChessBase"]
[SourceQuality "1"]

{[%evp 10,64,5,0,0,0,14,0,11,6,11,-12,0,-6,0,0,0,-10,-4,-39,-24,-70,-75,-68,-69,-116,-106,-118,-125,-277,-270,-258,-258,-298,-251,-492,-475,-468,-328,-343,-351,-332,-318,-393,-374,-493,-479,-491,-464,-544,-487,-605,-604,-717,-685,-681,-668]} 1. e4 e6 2. d4 d5 3. exd5 exd5 4. c4 Nf6 5. Nc3 Be7 6. cxd5 Nxd5 {C01: French: Exchange Variation.} 7. Nf3 Bf5 8. Bd3 (8. Bc4 {is interesting.} Nb6 9. Bb3 Nc6 10. Bf4 O-O 11. O-O) 8... Bxd3 {The position is equal.} 9. Qxd3 {[#] Black should prevent Qb5+.} Nc6 $146 ({Predecessor:} 9... O-O 10. O-O c6 11. Ne4 h6 12. Ng3 Nd7 13. Nf5 Bf6 14. Re1 Re8 15. Bd2 Qc7 {1-0 (64) Muzychuk,M (2268)-Bulakh,O Kiev 2005}) 10. O-O O-O 11. Qb5 Ncb4 12. a3 a6 13. Qe2 Nc6 14. h4 Re8 15. Qc2 Nxc3 16. bxc3 Bxh4 17. g3 Bf6 18. Kg2 Qd5 19. Bf4 $2 {[#] This costs White the game.} (19. Qa2 $17 Ne7 20. Qxd5 Nxd5 21. c4) 19... g5 $19 20. Rh1 gxf4 21. Qxh7+ Kf8 22. Rae1 $2 (22. Rh6 Bg7 23. Rh5) 22... Rxe1 23. Rxe1 Ne7 24. Qh6+ Bg7 25. Qxf4 Rc8 26. Kg1 Qf5 27. Qe3 Nd5 {Black is clearly winning.} 28. Qe2 Nxc3 29. Qe7+ Kg8 30. Ne5 Nb5 31. Re4 Nxd4 (31... Qxe4 $2 32. Qxf7+ Kh8 33. Qh5+ Bh6 34. Qxh6+ Qh7 35. Nf7+ Kg8 36. Qe6 $19) 32. Rxd4 Qxe5 {Accuracy: White = 43%, Black = 96%.} 0-1